Les traîtres des Traîtres - Mort subite - Statistiques

Statistiques générales
  • Ce quiz a été pris 101 fois
    19 depuis la dernière actualisation
  • Le résultat moyen est 15 sur 23
Answers on the Grid
Answers color-coded by a green-red scale on the quiz's grid according to % correct below.
Clémence Castel
David Douillet
Elsa Esnoult
Melococo
Bruno Sanches
Bernard Werber
Alex Ramirès
Just Riadh
Natoo
Martin Lamotte
Paul El Kharrat
Delphine Wespiser
Vanessa Douillet
Camille Lacourt
Juju Fitcats
Gennifer Demey
Nathalie Marquay-Pernaut
Norbert Tarayre
Andy Raconte
Jean Lassalle
Tom Pernaut
Vincent Cespedes
Charlotte de Turckheim
Vincent Desagnat
Laura Flessel
Caroline Margeridon
Guillaume Pley
Natasha St-Pier
Kristofer Hedia
Claude Dartois
Tibo InShape
Kheiron
Hugo Manos
Laurent Ruquier
Studio Danielle
Bruno Solo
Gwendal Marimoutou
Arthur Lombard
Stomy Bugsy
Crazy Sally
Carla Lazzari
Laly Meignan
Romain Puértolas
Maxime Mermoz
Frédérique Bel
Sylvie Tellier
Azzeddine Ahmed-Chaouch
Valérie Trierweiler
Emy LTR
Bruno Hourcade
Jean-Christophe Bouvet
Julie Ferrier
Anthony Colette
Alizé Cornet
Cospiel
Nicolas Lacroix
Hugo Lebœuf
Adil Rami
Dominique Tapie
Sophie Tapie
Rose THR
Francis Huster
Liane Foly
Raquel Garrido
Seth Gueko
Jade Lebœuf
Bianca Costa
Logfive
Yoann Riou
Adeline Toniutti
Terence Telle
Laurent Maistret
Briac Glaud
LeBouseuh
Daniela Capone
Darko Bozovic
Sora
Monsieur Pof
EnjoyPhoenix
Jenny Letellier
Raphma
Valentin Jean
Shera Kerienski
Jeel
Danny Khezzar
Christine Bravo
Fabien Olicard
Anne-Élisabeth Blateau
Camille Cerf
Yanns
Olivier Bal
Fabienne Carat
Doigby
Raymond Domenech
Théo Fernandez
Marcus
Anaïs Lunet
Marlène Schiappa
Tania Dutel
Helena Noguerra
Lou
 
Statistiques - réponses
Réponse % Correct
Adil Rami
90%
Hugo Manos
90%
David Douillet
80%
Juju Fitcats
80%
Logfive
80%
Sophie Tapie
80%
Clémence Castel
70%
Fabien Olicard
70%
Frédérique Bel
70%
Guillaume Pley
70%
Laurent Ruquier
70%
Studio Danielle
70%
Anne-Élisabeth Blateau
60%
Camille Cerf
60%
Charlotte de Turckheim
60%
Crazy Sally
60%
Just Riadh
60%
Liane Foly
60%
Daniela Capone
50%
EnjoyPhoenix
50%
Norbert Tarayre
50%
Vanessa Douillet
40%
Sora
30%
Aucun quiz correspondant
Distribution des résultats
% des personnes avec chaque résultat
Percentile par nombre de réponses
Votre historique - résultats
Vous n’avez pas pris ce quiz depuis la dernière actualisation